The umbrella of U.S. power : (Record no. 54972)
[ view plain ]
| 000 -LEADER | |
|---|---|
| campo de control de longitud fija | 01121cam a2200289 4500 |
| 001 - NÚMERO DE CONTROL | |
| campo de control | 8140 |
| 005 - FECHA Y HORA DE LA ÚLTIMA TRANSACCIÓN | |
| campo de control | 20230410120939.0 |
| 008 - DATOS DE LONGITUD FIJA--INFORMACIÓN GENERAL | |
| campo de control de longitud fija | 060907n1999 nyu eng |
| 035 ## - NÚMERO DE CONTROL DEL SISTEMA | |
| -- | funglode8207 |
| 020 ## - NÚMERO INTERNACIONAL ESTÁNDAR DEL LIBRO | |
| Número Internacional Estándar del Libro | 1583225471 (pbk.) |
| 020 ## - NÚMERO INTERNACIONAL ESTÁNDAR DEL LIBRO | |
| Número Internacional Estándar del Libro | 9781583225479 (pbk.) |
| 035 ## - NÚMERO DE CONTROL DEL SISTEMA | |
| Número de control de sistema | (OCoLC)64031170 |
| 050 14 - SIGNATURA TOPOGRÁFICA DE LA BIBLIOTECA DEL CONGRESO | |
| Número de clasificación | JC 571 |
| Número de ítem | C548u 1999 |
| 100 1# - ENTRADA PRINCIPAL--NOMBRE DE PERSONA | |
| Nombre de persona | Chomsky, Noam, |
| Fechas asociadas al nombre | 1928- |
| 245 14 - MENCIÓN DEL TÍTULO | |
| Título | The umbrella of U.S. power : |
| Resto del título | the Universal Declaration of Human Rights and the contradictions of U.S. policy / |
| Mención de responsabilidad, etc. | Noam Chomsky. |
| 246 30 - FORMA VARIANTE DEL TITULO | |
| Título propio/Titulo breve | Universal Declaration of Human Rights and the contradictions of U.S. policy |
| 250 ## - MENCION DE EDICION | |
| Mención de edición | Seven Stories Press 1st ed. |
| 260 ## - PUBLICACIÓN, DISTRIBUCIÓN, ETC. | |
| Lugar de publicación, distribución, etc. | New York : |
| Nombre del editor, distribuidor, etc. | Seven Stories published in association with Open Media, |
| Fecha de publicación, distribución, etc. | 1999. |
| 300 ## - DESCRIPCIÓN FÍSICA | |
| Extensión | 78 p. ; |
| Dimensiones | 18 cm. |
| 440 #0 - MENCIÓN DE SERIE/PUNTO DE ACCESO ADICIONAL--TÍTULO | |
| Título | Open Media pamphlet series ; |
| Designación de volumen o secuencia | 7 |
| 500 ## - NOTA GENERAL | |
| Nota general | "Parts of this article appeared in Index on censorship, July/August 1994"--T.p. verso. |
| 650 #0 - PUNTO DE ACCESO ADICIONAL DE MATERIA--TÉRMINO DE MATERIA | |
| Término de materia o nombre geográfico como elemento de entrada | Human rights |
| Subdivisión geográfica | United States. |
| 651 #0 - PUNTO DE ACCESO ADICIONAL DE MATERIA--NOMBRE GEOGRÁFICO | |
| Nombre geográfico | United States |
| Subdivisión general | Politics and government |
| Subdivisión cronológica | 1993- |
| 730 0# - ASIENTO SECUNDARIO--TITULO UNIFORME | |
| Título uniforme | Index on censorship |
| Fecha de publicación/de la obra | July/Aug. 1994 |
| 942 ## - ELEMENTOS DE ENTRADA SECUNDARIOS (KOHA) | |
| Fuente del sistema de clasificación o colocación | Clasificación de Library of Congress |
| Tipo de ítem Koha | |
| 994 ## - | |
| -- | C0 |
| -- | DRFGD |
| Estatus retirado | Estado de pérdida | Fuente del sistema de clasificación o colocación | Estado de daño | No para préstamo | Colección | Biblioteca de origen | Biblioteca actual | Ubicación en estantería | Fecha de adquisición | Serial enumeration / chronology | Signatura topográfica completa | Código de barras | Visto por última vez | Copia número | Tipo de ítem Koha |
|---|---|---|---|---|---|---|---|---|---|---|---|---|---|---|---|
| Clasificación de Library of Congress | Ciencias Sociales | Biblioteca Juan Bosch | Biblioteca Juan Bosch | Ciencias Sociales (3er. Piso) | 24/10/2018 | 1 | JC 571 C548u 1999 | 00000004708 | 24/10/2018 | 1 |
